LEADER 01152nam 2200373 450 001 9910138288203321 005 20221015133614.0 010 $a953-51-4453-7 035 $a(CKB)3230000000075353 035 $a(NjHacI)993230000000075353 035 $a(EXLCZ)993230000000075353 100 $a20221015d2011 uy 0 101 0 $aeng 135 $aur||||||||||| 181 $ctxt$2rdacontent 182 $cc$2rdamedia 183 $acr$2rdacarrier 200 00$aAdvanced Biomedical Engineering /$fGaetano D. Gargiulo, Alistair McEwan, editors 210 1$aRijeka, Croatia :$cIntechOpen,$d[2011] 210 4$dİ2011 215 $a1 online resource (vi, 280 pages) $cillustrations 311 $a953-307-555-4 320 $aIncludes bibliographical references and index. 606 $aBiomedical engineering$xData processing 615 0$aBiomedical engineering$xData processing. 676 $a610.28 702 $aGargiulo$b Gaetano D. 702 $aMcEwan$b Alistair 801 0$bNjHacI 801 1$bNjHacl 906 $aBOOK 912 $a9910138288203321 996 $aAdvanced biomedical engineering$91949599 997 $aUNINA LEADER 01415nas 2200505- 450 001 9910134914003321 005 20241221110055.0 011 $a2363-4715 035 $a(OCoLC)913714765 035 $a(CKB)4280000000000003 035 $a(CONSER)--2016247521 035 $a(MiFhGG)8XCV 035 $a(MiAaPQ)2037678 035 $a(DE-599)ZDB2804957-3 035 $a(EXLCZ)994280000000000003 100 $a20150624a20149999 o-- a 101 0 $aeng 135 $aur||||||||||| 181 $ctxt$2rdacontent 182 $cc$2rdamedia 183 $acr$2rdacarrier 200 00$aPrimate biology 210 1$aGöttingen :$cCopernicus Publications on behalf of the Deutsches Primatenzentrum GmbH (DPZ),$d[2014]- 215 $a1 online resource 300 $aRefereed/Peer-reviewed 311 08$a2363-4707 517 1 $aPB 531 10$aPrimate Biol 606 $aPrimates$vPeriodicals 606 $aPrimatology$vPeriodicals 606 $aPrimates 606 $aPrimates$2fast$3(OCoLC)fst01076374 606 $aPrimatology$2fast$3(OCoLC)fst01921374 608 $aPeriodical. 608 $aPeriodicals.$2fast 615 0$aPrimates 615 0$aPrimatology 615 12$aPrimates. 615 7$aPrimates. 615 7$aPrimatology. 712 02$aDeutsches Primatenzentrum, 906 $aJOURNAL 912 $a9910134914003321 996 $aPrimate biology$92148559 997 $aUNINA